[Event "PRO League Group Stage"]
[Site "chess.com INT"]
[Date "2017.02.11"]
[Round "5"]
[White "Campbell, Charles"]
[Black "Baker, Vincent J"]
[Result "1-0"]
[WhiteTitle "CM"]
[WhiteElo "2192"]
[BlackElo "1960"]
[WhiteTeam "Abuja Rockstars"]
[BlackTeam "Columbus Cardinals"]
[WhiteFideId "8500436"]
[BlackFideId "30911974"]
[EventDate "2017.01.11"]

1. d4 Nf6 2. c4 e6 3. Nc3 Bb4 4. e3 O-O 5. Nf3 b6 6. Bd3 Bb7 7. O-O Bxc3 8. bxc3
Ne4 9. Qc2 f5 10. Ne1 Qg5 11. f3 Nf6 12. e4 f4 13. g3 Nh5 14. Ng2 d6 15. e5 dxe5
16. dxe5 Qxe5 17. Bxh7+ Kh8 18. Nxf4 Nxf4 19. Bxf4 Qc5+ 20. Kg2 Nd7 21. Be4 Bxe4
22. Qxe4 Nf6 23. Qxe6 Rae8 24. Qh3+ Kg8 25. Rfe1 Qxc4 26. Be5 Qd5 27. Bxf6 Rxe1
28. Rxe1 Qd2+ 29. Kf1 Rxf6 30. Qh5 Qd3+ 31. Kf2 Qd2+ 32. Re2 Qxc3 33. Re8+ Rf8
34. Qd5+ Kh7 35. Rxf8 Qc2+ 36. Kg1 Qc1+ 37. Kg2 Qc2+ 38. Kh3 Qg6 39. Qe4 1-0

[Event "PRO League Group Stage"]
[Site "chess.com INT"]
[Date "2017.02.11"]
[Round "5"]
[White "Yeager, Daniel A"]
[Black "Abhishek, Kelkar"]
[Result "1/2-1/2"]
[WhiteTitle "FM"]
[BlackTitle "IM"]
[WhiteElo "2280"]
[BlackElo "2381"]
[WhiteTeam "Montclair Sopranos"]
[BlackTeam "Mumbai Movers"]
[WhiteFideId "2029049"]
[BlackFideId "5019257"]
[EventDate "2017.01.11"]

1. c4 c6 2. d4 d5 3. e3 Nf6 4. Nc3 a6 5. Nf3 Bf5 6. Bd3 Bxd3 7. Qxd3 e6 8. O-O
Be7 9. e4 dxe4 10. Nxe4 Nxe4 11. Qxe4 O-O 12. Bf4 Nd7 13. Qc2 Re8 14. Rab1 Qa5
15. Bd2 Qh5 16. Rfe1 Rad8 17. h3 Bf6 18. Bc3 Rc8 19. Ne5 Nxe5 20. dxe5 Be7 21.
Rbd1 Rcd8 22. Ba5 Rxd1 23. Qxd1 Qf5 24. Qd7 Kf8 25. Qxb7 Bc5 26. Rf1 Qxe5 27.
Qxc6 Bxf2+ 28. Rxf2 Qxa5 29. Qd6+ Kg8 30. b4 Qa3 31. Qc6 Rb8 32. Qd7 Rf8 33. c5
Qxb4 34. c6 Qc5 35. c7 g6 36. Kf1 Qc1+ 37. Ke2 Qc2+ 38. Kf3 Qf5+ 39. Ke3 Qc5+
40. Ke2 Qc2+ 41. Ke3 Qc5+ 42. Ke2 Qc2+ 43. Ke3 Qc5+ 44. Ke2 Qc2+ 45. Ke3 1/2-1/2

[Event "PRO League Group Stage"]
[Site "chess.com INT"]
[Date "2017.02.11"]
[Round "5"]
[White "Liu, Aristo S"]
[Black "Makaj, Marko"]
[Result "0-1"]
[BlackTitle "FM"]
[WhiteElo "1969"]
[BlackElo "2332"]
[WhiteTeam "Columbus Cardinals"]
[BlackTeam "Abuja RockStars"]
[WhiteFideId "30903483"]
[BlackFideId "14508141"]
[EventDate "2017.01.11"]

1. e4 c5 2. c3 d5 3. exd5 Qxd5 4. d4 cxd4 5. cxd4 Nc6 6. Nf3 Bg4 7. Nc3 Qa5 8.
Be2 e6 9. O-O Nf6 10. h3 Bh5 11. Bf4 Rd8 12. Qb3 Qb4 13. Be5 Qxb3 14. axb3 a6
15. Rfe1 Be7 16. Rac1 O-O 17. g4 Bg6 18. Na4 Nd7 19. Bg3 Be4 20. Red1 Bd5 21.
Rd3 Rc8 22. Bd1 Rfd8 23. Nc3 Bxf3 24. Bxf3 Nc5 25. dxc5 Rxd3 26. Be4 Rd2 27. Na4
Rcd8 28. Rc4 R8d4 29. Bxc6 Rxc4 30. bxc4 bxc6 31. Be5 Bf6 32. Bc3 Bxc3 33. bxc3
Ra2 34. Nb6 Ra3 35. Nc8 Rxc3 36. Ne7+ Kf8 37. Nxc6 Rxc4 38. Nb8 a5 39. c6 a4 40.
Nd7+ Ke7 41. Nb6 Rc1+ 42. Kg2 a3 43. Nc8+ Kd8 44. Nd6 a2 45. Nxf7+ Ke7 0-1

[Event "PRO League Group Stage"]
[Site "chess.com INT"]
[Date "2017.02.11"]
[Round "5"]
[White "Chirila, Ioan-Cristian"]
[Black "Vertetics, Attila"]
[Result "1/2-1/2"]
[WhiteTitle "GM"]
[BlackTitle "IM"]
[WhiteElo "2533"]
[BlackElo "2416"]
[WhiteTeam "San Jose Hackers"]
[BlackTeam "Budapest Gambit"]
[WhiteFideId "1211668"]
[BlackFideId "723720"]
[EventDate "2017.01.11"]

1. d4 Nf6 2. c4 e6 3. Nf3 Bb4+ 4. Nbd2 O-O 5. a3 Bxd2+ 6. Bxd2 b6 7. Bg5 Bb7 8.
e3 d6 9. Be2 Nbd7 10. O-O h6 11. Bh4 g5 12. Bg3 Ne4 13. Nd2 Ndf6 14. f4 Nxd2 15.
Qxd2 Ne4 16. Qc2 f5 17. Rfd1 Qe7 18. Be1 Kh7 19. d5 Qf7 20. Rac1 a5 21. Bf3 Qg6
22. Rd4 Nf6 23. Bc3 Rae8 24. Rdd1 Re7 25. b4 axb4 26. axb4 Nh5 27. Ra1 gxf4 28.
Ra7 Bc8 29. Qe2 Nf6 30. exf4 Ne4 31. Ba1 exd5 32. cxd5 Qe8 33. Qc4 c5 34. Rxe7+
Qxe7 35. Re1 Re8 36. Qb5 Qf7 37. Qxb6 Nd2 38. Rxe8 Nxf3+ 39. gxf3 Qxe8 40. Qc7+
Qd7 41. Qb6 Qe8 42. Qc7+ Qd7 43. Qb6 Qe8 44. Kf2 cxb4 45. Qd4 Qf8 46. Qxb4 Ba6
47. Qd4 Bb5 48. Qb6 Be8 49. Qc7+ Kg8 50. Qc3 Kh7 51. Qd4 Bg6 52. Qd3 Kg8 53. Qc3
Kh7 54. Qc7+ Kg8 55. Bb2 Bf7 56. Qc4 Bg6 57. Qd4 Kh7 58. Ba3 Bf7 59. Qf6 Qg8 60.
Bb2 Bxd5 61. Qxf5+ Qg6 62. Qxd5 Qc2+ 63. Kg3 Qxb2 64. Qxd6 Qg7+ 65. Kf2 Qb2+ 66.
Kg3 Qg7+ 67. Kh3 Qf7 68. Qe5 Qb3 69. Kg3 Qg8+ 70. Kh3 Qb3 71. Qe4+ Kg7 72. f5
Qc3 73. Qe7+ Kg8 74. Qe8+ Kg7 75. Qg6+ Kf8 76. Qxh6+ Ke7 77. Qe6+ Kf8 78. Kg3
Qg7+ 79. Kf4 Qd4+ 80. Kg5 Qd2+ 81. Kf6 Qh6+ 82. Ke5 Qe3+ 83. Kd6 Qb6+ 84. Kd5
Qb3+ 85. Ke4 Qc2+ 86. Ke3 Qxh2 87. Qf6+ Ke8 88. Qg6+ Kf8 89. Qf6+ Ke8 90. Qc6+
Kf8 91. Qc8+ Kf7 92. Qd7+ Kf8 93. Qd8+ Kf7 94. Qd7+ Kf8 95. Qc8+ Kf7 96. Qe6+
Kf8 97. f6 Qg1+ 98. Ke2 Qg2+ 99. Ke3 Qxf3+ 100. Kxf3 1/2-1/2

[Event "PRO League Group Stage"]
[Site "chess.com INT"]
[Date "2017.02.11"]
[Round "5"]
[White "Katz, Alexander R"]
[Black "Pruijssers, Roeland"]
[Result "1/2-1/2"]
[WhiteTitle "IM"]
[BlackTitle "GM"]
[WhiteElo "2335"]
[BlackElo "2502"]
[WhiteTeam "New Jersey Knockouts"]
[BlackTeam "Apeldoorn Apes"]
[WhiteFideId "2039796"]
[BlackFideId "1013068"]
[EventDate "2017.01.11"]

1. e4 e5 2. Nf3 Nc6 3. Bc4 Bc5 4. c3 Nf6 5. d3 d6 6. a4 a5 7. Nbd2 O-O 8. Nf1
Be6 9. Qb3 Bxc4 10. Qxc4 Ne7 11. Ng3 Ng6 12. O-O c6 13. d4 exd4 14. cxd4 Bb4 15.
Qd3 Re8 16. Bd2 Bxd2 17. Nxd2 Nf4 18. Qb3 Qc7 19. Rfe1 g6 20. Qf3 N6h5 21. Nc4
Rad8 22. Nxh5 Nxh5 23. e5 dxe5 24. dxe5 Rd4 25. Qc3 Rd5 26. Rad1 Red8 27. Nd6
Nf4 28. Qf3 Rxd1 29. Rxd1 Nd5 30. h4 f6 31. Qg4 fxe5 32. Qe6+ Kf8 33. Rxd5 1/2-1/2

[Event "PRO League Group Stage"]
[Site "chess.com INT"]
[Date "2017.02.11"]
[Round "5"]
[White "Chakravarthy, Y V K"]
[Black "Balleisen, Aaron S"]
[Result "1/2-1/2"]
[WhiteElo "2047"]
[BlackElo "2127"]
[WhiteTeam "Amaravati Yodhas"]
[BlackTeam "Carolina Cobras"]
[WhiteFideId "5029546"]
[BlackFideId "2087073"]
[EventDate "2017.01.11"]

1. d4 Nf6 2. Bf4 c5 3. e3 g6 4. c3 Bg7 5. Nd2 cxd4 6. exd4 O-O 7. Ngf3 d6 8. Bc4
a6 9. a4 b6 10. O-O Bb7 11. Re1 Nbd7 12. Qb3 h6 13. h3 Nb8 14. Bd3 Bd5 15. c4
Bb7 16. c5 Bd5 17. Qxb6 Qxb6 18. cxb6 Nc6 19. a5 g5 20. Be3 Nb4 21. Bb1 Rac8 22.
Ra3 Nc2 23. Bxc2 Rxc2 24. Rb1 Rfc8 25. Rc3 Bb7 26. Rxc2 Rxc2 27. Ne1 Rc8 28. Nb3
Nd5 29. Rc1 Rxc1 30. Nxc1 f5 31. Nc2 f4 32. Bd2 Kf7 33. Nd3 Ke6 34. f3 Kd7 35.
Kf2 Kc6 36. b3 Bc8 37. Ke2 Kb7 38. Bc1 Nc3+ 39. Kd2 Nb1+ 40. Ke2 Be6 41. Bb2
Bxb3 42. Ncb4 Bf6 43. Ke1 Bg7 44. Ke2 Bf6 45. Nf2 Bc4+ 46. Nfd3 Bb3 1/2-1/2

[Event "PRO League Group Stage"]
[Site "chess.com INT"]
[Date "2017.02.11"]
[Round "5"]
[White "Naroditsky, Daniel"]
[Black "Vertetics, Attila"]
[Result "1/2-1/2"]
[WhiteTitle "GM"]
[BlackTitle "IM"]
[WhiteElo "2646"]
[BlackElo "2416"]
[WhiteTeam "San Jose Hackers"]
[BlackTeam "Budapest Gambit"]
[WhiteFideId "2026961"]
[BlackFideId "723720"]
[EventDate "2017.01.11"]

1. e4 c6 2. d4 d5 3. Nd2 g6 4. Ngf3 Bg7 5. c3 Nh6 6. Bd3 O-O 7. O-O f6 8. c4 e6
9. b3 Nf7 10. Bb2 Na6 11. Re1 Re8 12. Qe2 dxe4 13. Nxe4 f5 14. Nc3 c5 15. dxc5
Nxc5 16. Rad1 Qa5 17. Nd5 Nxd3 18. Bxg7 Nxe1 19. Bc3 Nxf3+ 20. gxf3 Qc5 21. Nf6+
Kf8 22. Nxh7+ Kg8 23. Nf6+ Kf8 24. Rd5 Qe7 25. Nh7+ Kg8 26. Nf6+ Kf8 27. Nh7+
Kg8 28. Nf6+ Kf8 29. Nh7+ Kg8 30. Nf6+ Kf8 31. Nh7+ Kg8 32. Nf6+ Kf8 1/2-1/2

[Event "PRO League Group Stage"]
[Site "chess.com INT"]
[Date "2017.02.11"]
[Round "5"]
[White "Adu, Oladapo"]
[Black "Liu, Aristo S"]
[Result "1-0"]
[WhiteTitle "IM"]
[WhiteElo "2288"]
[BlackElo "1969"]
[WhiteTeam "Abuja RockStars"]
[BlackTeam "Columbus Cardinals"]
[WhiteFideId "8500258"]
[BlackFideId "30903483"]
[EventDate "2017.01.11"]

1. e4 e5 2. Nf3 Nc6 3. Bb5 a6 4. Ba4 Nf6 5. d3 b5 6. Bb3 Be7 7. c3 O-O 8. O-O
Bb7 9. Re1 d6 10. Nbd2 Nb8 11. Nf1 Nbd7 12. Ng3 Re8 13. h3 h6 14. Nf5 Bf8 15.
Bc2 Nc5 16. Nh2 Ne6 17. Qf3 c5 18. Nf1 Nd7 19. N1g3 Kh7 20. Ne3 Nf6 21. Bb3 g6
22. Bd2 Bg7 23. Rad1 Qd7 24. Bc1 Rac8 25. h4 h5 26. Nd5 Nxd5 27. exd5 Nc7 28.
Ne4 Kg8 29. c4 Na8 30. Bg5 Nb6 31. Nf6+ Bxf6 32. Qxf6 Kh7 33. Re3 Rc7 34. Rf3 e4
35. dxe4 Rxe4 36. cxb5 axb5 37. Bc2 Rg4 38. Bh6 1-0

[Event "PRO League Group Stage"]
[Site "chess.com INT"]
[Date "2017.02.11"]
[Round "5"]
[White "Lapite, Oluwadurotimi"]
[Black "Song, Edward"]
[Result "1/2-1/2"]
[BlackTitle "FM"]
[WhiteElo "2067"]
[BlackElo "2299"]
[WhiteTeam "Lagos Leatherbacks"]
[BlackTeam "Pittsburgh Pawngrabbers"]
[WhiteFideId "8503648"]
[BlackFideId "2051192"]
[EventDate "2017.01.11"]

1. e4 e5 2. Nf3 Nc6 3. Bb5 a6 4. Ba4 Nf6 5. d3 d6 6. c3 g6 7. O-O Bg7 8. Re1 O-O
9. h3 b5 10. Bc2 Bb7 11. Bg5 h6 12. Be3 d5 13. Qc1 g5 14. Bc5 Re8 15. Nbd2 Nh5
16. exd5 Qxd5 17. Ne4 Nd8 18. Nfxg5 hxg5 19. Qxg5 Ne6 20. Qxh5 Nxc5 21. Re3 Nxe4
22. dxe4 Qd6 23. Bb3 Qe7 24. Rg3 c5 25. Qh6 Qf8 1/2-1/2

[Event "PRO League Group Stage"]
[Site "chess.com INT"]
[Date "2017.02.11"]
[Round "5"]
[White "Colpe, Malte"]
[Black "Dreev, Aleksey"]
[Result "1/2-1/2"]
[BlackTitle "GM"]
[WhiteElo "2413"]
[BlackElo "2651"]
[WhiteTeam "Hamburg Swashbucklers"]
[BlackTeam "San Diego Surfers"]
[WhiteFideId "24623075"]
[BlackFideId "4100107"]
[EventDate "2017.01.11"]

1. d4 d5 2. Bf4 Nf6 3. e3 g6 4. Nf3 Bg7 5. Be2 O-O 6. O-O c5 7. c3 b6 8. Ne5 Bb7
9. Nd2 Nbd7 10. a4 a6 11. Bf3 e6 12. a5 cxd4 13. exd4 Nxe5 14. Bxe5 Nd7 15. Bxg7
Kxg7 16. axb6 Qxb6 17. Qb3 a5 18. Qxb6 Nxb6 19. Nb3 a4 20. Nc5 Bc6 21. Be2 Rfb8
22. Na6 Rb7 23. Nc5 Rba7 24. Ra3 Nd7 25. Nd3 Bb5 26. Re1 Bxd3 27. Bxd3 Rb8 28.
Rb1 Rab7 29. Ra2 Kf6 30. g3 Ke7 31. Kg2 Nb6 32. Bb5 Rc7 33. Bxa4 Nxa4 34. Rxa4
Rxc3 35. Ra7+ Kf6 36. bxc3 Rxb1 37. Rc7 Rc1 38. Kf3 g5 39. h4 gxh4 40. gxh4 h5
41. Kg3 Rd1 42. Rc8 Rg1+ 43. Kh2 Rc1 44. Kg3 Kf5 45. Rc7 f6 46. f3 Rc2 47. Rc8
Rc1 48. Rc7 Rd1 49. Rc8 Rd3 50. Rc7 e5 51. dxe5 fxe5 52. Kf2 Rd2+ 53. Kg3 Rc2
54. Rc5 Ke6 55. Rc8 Rc1 56. Re8+ Kf6 57. Rd8 Ke6 58. Re8+ Kd6 59. Rd8+ Kc5 60.
Rc8+ Kd6 61. Rd8+ Ke6 62. Re8+ Kf6 63. Rd8 Ke6 1/2-1/2

[Event "PRO League Group Stage"]
[Site "chess.com INT"]
[Date "2017.02.11"]
[Round "5"]
[White "Holt, Conrad"]
[Black "Bernotas, Arturs"]
[Result "1/2-1/2"]
[WhiteTitle "GM"]
[BlackTitle "FM"]
[WhiteElo "2567"]
[BlackElo "2332"]
[WhiteTeam "Dallas Destiny"]
[BlackTeam "Riga Magicians"]
[WhiteFideId "2034387"]
[BlackFideId "11601426"]
[EventDate "2017.01.11"]

1. d4 Nf6 2. c4 e6 3. Nf3 b6 4. g3 Ba6 5. b3 Bb4+ 6. Bd2 c5 7. Bg2 Bb7 8. Bxb4
cxb4 9. a3 bxa3 10. O-O Qe7 11. Qc1 Nc6 12. Qxa3 Nb4 13. Nc3 O-O 14. Ne5 Bxg2
15. Kxg2 a5 16. Nd3 d5 17. Nxb4 Qxb4 18. Qxb4 axb4 19. Na4 Rfb8 20. c5 bxc5 21.
Nxc5 Ne4 22. Nxe4 dxe4 23. Rxa8 Rxa8 24. Rc1 f5 25. Rc4 Ra2 26. e3 Rb2 27. Rxb4
Kf7 28. Rb7+ Kf6 29. Rb6 Kf7 30. h4 h5 31. b4 Rb1 32. b5 Rb2 33. Kf1 Rb1+ 34.
Ke2 Rb2+ 35. Ke1 Rb1+ 36. Kd2 Rb2+ 37. Ke1 Rb1+ 38. Ke2 Rb2+ 39. Kf1 Rb1+ 40.
Kg2 Rb2 41. Rb8 Rb1 42. Rb7+ Kf6 43. Rb6 Kf7 44. Rb8 Kf6 45. Rb7 Kg6 46. b6 Kf6
47. Rb8 Kg6 48. f4 exf3+ 49. Kxf3 Rb2 50. Kf4 Kf6 51. e4 fxe4 52. Kxe4 Rb3 53.
Kf4 Rb4 54. Ke4 Rb3 55. b7 Kf7 56. Ke5 Rb5+ 57. Kf4 Rb4 58. Ke5 Rb5+ 59. Kd6 Rb1
60. Rd8 Rxb7 61. Rd7+ Rxd7+ 62. Kxd7 g6 63. Kc6 Kf6 64. Kd6 Kf7 65. Kd7 Kf6 66.
Ke8 g5 67. hxg5+ Kxg5 68. Ke7 Kg4 69. Kxe6 Kxg3 70. d5 h4 71. d6 h3 72. d7 h2
73. d8=Q h1=Q 74. Qg5+ Kh2 75. Qh4+ Kg2 76. Qxh1+ Kxh1 1/2-1/2

[Event "PRO League Group Stage"]
[Site "chess.com INT"]
[Date "2017.02.11"]
[Round "5"]
[White "Shaposhnikov, Evgeny"]
[Black "Postny, Evgeny"]
[Result "1/2-1/2"]
[WhiteTitle "GM"]
[BlackTitle "GM"]
[WhiteElo "2557"]
[BlackElo "2601"]
[WhiteTeam "Gorky Stormbringers"]
[BlackTeam "Philadelphia Inventors"]
[WhiteFideId "4122232"]
[BlackFideId "2804344"]
[EventDate "2017.01.11"]

1. Nf3 d5 2. d4 c6 3. c4 Nf6 4. e3 Bf5 5. Nc3 e6 6. Be2 h6 7. Bd3 Bxd3 8. Qxd3
Nbd7 9. O-O Bb4 10. Bd2 a5 11. a3 Bxc3 12. Bxc3 O-O 13. a4 Ne4 14. Nd2 Nxd2 15.
Bxd2 Nf6 16. b4 dxc4 17. Qxc4 axb4 18. Bxb4 Re8 19. a5 Qd5 20. Qxd5 Nxd5 21. Bd2
Nc7 22. Rfc1 Rec8 23. Rab1 Nb5 24. g4 Kf8 25. f4 Ke8 26. Kf2 Kd7 27. Kf3 g6 28.
h4 f5 29. Rg1 Rg8 30. Rg2 Ke7 31. Rbg1 Kf7 32. h5 gxh5 33. gxf5 exf5 34. Rxg8
Rxg8 35. Rh1 Kg6 36. Rg1+ Kf7 37. Rh1 Kg6 38. Rg1+ 1/2-1/2

[Event "PRO League Group Stage"]
[Site "chess.com INT"]
[Date "2017.02.11"]
[Round "5"]
[White "Postny, Evgeny"]
[Black "Gorozhanin, Mikhail"]
[Result "1/2-1/2"]
[WhiteTitle "GM"]
[BlackTitle "FM"]
[WhiteElo "2601"]
[BlackElo "2408"]
[WhiteTeam "Philadelphia Inventors"]
[BlackTeam "Gorky Stormbringers"]
[WhiteFideId "2804344"]
[BlackFideId "4178262"]
[EventDate "2017.01.11"]

1. d4 d5 2. c4 e6 3. Nf3 c6 4. g3 Nf6 5. Bg2 dxc4 6. Ne5 b5 7. Nxc6 Qb6 8. Ne5
Bb7 9. Bxb7 Qxb7 10. O-O Nc6 11. a4 a6 12. axb5 axb5 13. Rxa8+ Qxa8 14. Nc3 Qb7
15. Bg5 Nxe5 16. dxe5 Nd7 17. Qd2 h6 18. Be3 b4 19. Na4 Qb5 20. Ra1 Be7 21. Nc5
Nb6 22. Ne4 O-O 23. Bxb6 Qxb6 24. Qd7 Bc5 25. Rd1 Rb8 26. e3 Bf8 27. Nd6 Bxd6
28. exd6 Qd8 29. Qc7 Rc8 30. Qb7 Rb8 31. Qc6 Qc8 32. Qxc8+ Rxc8 33. e4 e5 34.
Kf1 f6 35. Rc1 c3 36. bxc3 bxc3 37. Ke2 Kf7 38. d7 Rd8 39. Rxc3 Rxd7 40. Ra3 h5
41. h4 Rd4 42. Ke3 Rb4 43. Ra7+ Kg6 44. Rc7 Rb3+ 45. Ke2 Kh6 46. Ra7 Rc3 47. Rb7
Ra3 48. Rc7 Kg6 49. Rb7 1/2-1/2

[Event "PRO League Group Stage"]
[Site "chess.com INT"]
[Date "2017.02.11"]
[Round "5"]
[White "Szabo, Bence"]
[Black "Chirila, Ioan-Cristian"]
[Result "1/2-1/2"]
[WhiteTitle "IM"]
[BlackTitle "GM"]
[WhiteElo "2378"]
[BlackElo "2533"]
[WhiteTeam "Budapest Gambit"]
[BlackTeam "San Jose Hackers"]
[WhiteFideId "733776"]
[BlackFideId "1211668"]
[EventDate "2017.01.11"]

1. Nf3 Nf6 2. c4 g6 3. Nc3 d5 4. Qa4+ Bd7 5. Qb3 dxc4 6. Qxc4 Bg7 7. e4 O-O 8.
e5 Ng4 9. d4 Be6 10. Qb5 Nd7 11. h3 Nh6 12. Qxb7 Nb6 13. Be2 Nf5 14. Qe4 Nd5 15.
O-O Rb8 16. Qc2 Nxc3 17. bxc3 c5 18. Rd1 cxd4 19. cxd4 Qd5 20. g4 Rfc8 21. Qd3
Nh6 22. Ng5 Bd7 23. Bf3 Qa5 24. Bd2 Qa4 25. Ne4 Bb5 26. Qe3 Rd8 27. Nc3 Qa6 28.
Nxb5 Qxb5 29. Be2 Qd5 30. Bf3 Qxd4 31. Qxd4 Rxd4 32. Bxh6 Rxd1+ 33. Rxd1 Bxh6
34. Rd7 e6 35. Rxa7 Bf4 1/2-1/2

[Event "PRO League Group Stage"]
[Site "chess.com INT"]
[Date "2017.02.11"]
[Round "5"]
[White "Makaj, Marko"]
[Black "Baker, Vincent J"]
[Result "1-0"]
[WhiteTitle "FM"]
[WhiteElo "2332"]
[BlackElo "1960"]
[WhiteTeam "Abuja RockStars"]
[BlackTeam "Columbus Cardinals"]
[WhiteFideId "14508141"]
[BlackFideId "30911974"]
[EventDate "2017.01.11"]

1. d4 Nf6 2. Bg5 e6 3. Nd2 b6 4. e4 h6 5. Bh4 g5 6. Bg3 d6 7. h4 g4 8. e5 dxe5
9. dxe5 Nh5 10. Qxg4 Nxg3 11. Qxg3 Bb4 12. O-O-O Bb7 13. Ne4 Nd7 14. Nf6+ Nxf6
15. Rxd8+ Rxd8 16. exf6 Bd2+ 17. Kb1 Bg5 18. Bd3 Bxf6 19. Nf3 Ke7 20. Qxc7+ Rd7
21. Qf4 Rg8 22. g4 Bd5 23. g5 hxg5 24. hxg5 Rxg5 25. Nxg5 Bxh1 26. Nh7 Bd4 27.
Qh4+ 1-0

[Event "PRO League Group Stage"]
[Site "chess.com INT"]
[Date "2017.02.11"]
[Round "5"]
[White "Gelip, Ioana"]
[Black "Mukumbya, Benjamin"]
[Result "1-0"]
[WhiteElo "2187"]
[BlackElo "1901"]
[WhiteTeam "Dublin Desperados"]
[BlackTeam "Seattle Sluggers"]
[WhiteFideId "1202260"]
[BlackFideId "10001115"]
[EventDate "2017.01.11"]

1. e4 c5 2. Nf3 g6 3. d4 cxd4 4. Nxd4 Nc6 5. Nc3 Bg7 6. Be3 Nf6 7. Qd2 O-O 8.
O-O-O d6 9. f3 a6 10. g4 Bd7 11. h4 h5 12. Nxc6 bxc6 13. e5 dxe5 14. gxh5 gxh5
15. Bh6 Bf5 16. Qg5 Bg6 17. Rxd8 Rfxd8 18. Bc4 Kh7 19. Bxg7 Kxg7 20. Rg1 Nh7 21.
Qxe5+ Kh6 22. Qf4+ Kg7 23. Qxf7+ 1-0

[Event "PRO League Group Stage"]
[Site "chess.com INT"]
[Date "2017.02.11"]
[Round "5"]
[White "Perez Ponsa, Federico"]
[Black "Kjartansson, Gudmundur"]
[Result "1/2-1/2"]
[WhiteTitle "GM"]
[BlackTitle "IM"]
[WhiteElo "2583"]
[BlackElo "2468"]
[WhiteTeam "Buenos Aires Krakens"]
[BlackTeam "Reykjavik Puffins"]
[WhiteFideId "117927"]
[BlackFideId "2301318"]
[EventDate "2017.01.11"]

1. e4 e5 2. Nf3 Nf6 3. Nxe5 d6 4. Nf3 Nxe4 5. Nc3 Nxc3 6. dxc3 Be7 7. Be3 O-O 8.
Qd2 Nd7 9. O-O-O c6 10. c4 Nf6 11. Bd3 d5 12. c5 Bg4 13. h3 Bh5 14. g4 Bg6 15.
Bd4 Ne4 16. Bxe4 Bxe4 17. Qc3 Bf6 18. Rhe1 Bxf3 19. Qxf3 Bxd4 20. Rxd4 Qa5 21.
Qc3 Qxa2 22. b3 b5 23. Rd3 Qa3+ 24. Kd2 b4 25. Qa1 Qxa1 26. Rxa1 a5 27. Re3 Rfb8
28. Kd3 Kf8 29. Kd4 Re8 30. Rxe8+ Kxe8 31. c3 bxc3 32. Kxc3 Kd7 33. Kc2 Re8 34.
Rxa5 Re2+ 35. Kd3 Rxf2 36. Ra7+ Ke6 37. Rc7 Rf3+ 38. Kd4 Rxb3 39. Rxc6+ Kd7 40.
Rd6+ Kc7 41. Ra6 Rxh3 42. Kxd5 Rd3+ 43. Kc4 Rg3 44. Kd5 Rxg4 45. Ra7+ Kc8 46.
Rxf7 Rg6 47. c6 Rg1 48. Kd6 Rd1+ 49. Kc5 Rc1+ 50. Kd6 Rd1+ 51. Kc5 Rg1 52. Kd6
Rd1+ 53. Kc5 Rc1+ 54. Kd6 Rd1+ 55. Kc5 Rc1+ 56. Kd6 Rd1+ 1/2-1/2

[Event "PRO League Group Stage"]
[Site "chess.com INT"]
[Date "2017.02.11"]
[Round "5"]
[White "Guseinov, Gadir"]
[Black "Meier, Georg"]
[Result "1/2-1/2"]
[WhiteTitle "GM"]
[BlackTitle "GM"]
[WhiteElo "2643"]
[BlackElo "2630"]
[WhiteTeam "Atlanta Kings"]
[BlackTeam "Stockholm Snowballs"]
[WhiteFideId "13401378"]
[BlackFideId "4675789"]
[EventDate "2017.01.11"]

1. e4 e6 2. d4 d5 3. Nd2 dxe4 4. Nxe4 Nd7 5. Nf3 Ngf6 6. Bd3 c5 7. Bg5 cxd4 8.
O-O Be7 9. Nxd4 Nxe4 10. Bxe7 Qxe7 11. Bxe4 Nf6 12. Bf3 O-O 13. c3 Qc7 14. Re1
Bd7 15. a4 a5 16. Qb3 Rab8 17. Rad1 Rfd8 18. Nb5 Bxb5 19. Qxb5 b6 20. g3 h6 21.
Kg2 Qc5 22. Bc6 Rxd1 23. Rxd1 Kf8 24. Rd3 Ke7 25. Qxc5+ bxc5 26. Bb5 g5 27. Kf1
Nd5 28. Ke2 f5 29. Kd2 g4 30. Kc2 h5 31. Rd2 h4 32. Re2 Kd6 33. Rd2 Ke7 34. Re2
Nf6 35. Bd3 Kf7 36. Re1 h3 37. Rd1 Ke7 38. Re1 Kf7 39. Rd1 Ke7 40. Re1 1/2-1/2

[Event "PRO League Group Stage"]
[Site "chess.com INT"]
[Date "2017.02.11"]
[Round "5"]
[White "Benjamin, Joel"]
[Black "Van Delft, Merijn"]
[Result "1/2-1/2"]
[WhiteTitle "GM"]
[BlackTitle "IM"]
[WhiteElo "2544"]
[BlackElo "2373"]
[WhiteTeam "New Jersey Knockouts"]
[BlackTeam "Apeldoorn Apes"]
[WhiteFideId "2000091"]
[BlackFideId "1004670"]
[EventDate "2017.01.11"]

1. e4 c5 2. Nc3 d6 3. Nge2 Nf6 4. g3 Nc6 5. Bg2 g6 6. O-O Bg7 7. d3 O-O 8. h3
Rb8 9. g4 b5 10. Ng3 Nd4 11. Nce2 Nd7 12. Nxd4 Bxd4 13. Bh6 Re8 14. c3 Bh8 15.
a3 a5 16. Qd2 b4 17. axb4 axb4 18. f4 bxc3 19. bxc3 Rb3 20. Ne2 Qb6 21. Kh1 Ba6
22. f5 Ne5 23. Nf4 Bb7 24. Qe1 Rb2 25. Rd1 Qb3 26. d4 cxd4 27. cxd4 Nc4 28. Rd3
Qa2 29. Qg3 Rxg2 30. Nxg2 Bxe4 31. fxg6 hxg6 32. Rdf3 Bxf3 33. Qxf3 Nb6 34. Qc6
Rb8 35. Qc7 Qa8 36. Qxe7 Qd5 37. Qc7 Rb7 38. Qd8+ Kh7 39. Qh4 Kg8 40. Qd8+ Kh7
41. Qh4 Kg8 42. Qd8+ Kh7 43. Qh4 1/2-1/2

[Event "PRO League Group Stage"]
[Site "chess.com INT"]
[Date "2017.02.11"]
[Round "5"]
[White "Pavasovic, Dusko"]
[Black "Boros, Denes"]
[Result "1/2-1/2"]
[WhiteTitle "GM"]
[BlackTitle "GM"]
[WhiteElo "2548"]
[BlackElo "2444"]
[WhiteTeam "Ljubljana Direwolves"]
[BlackTeam "Webster Windmills"]
[WhiteFideId "14600986"]
[BlackFideId "722340"]
[EventDate "2017.01.11"]

1. e4 c6 2. d4 d5 3. Nc3 dxe4 4. Nxe4 Nd7 5. Nf3 Ngf6 6. Ng3 e6 7. Bd3 c5 8. Be3
Qc7 9. O-O Bd6 10. dxc5 Bxc5 11. Qe2 b6 12. Bxc5 Nxc5 13. Bb5+ Bd7 14. Ne5 O-O
15. Nxd7 Ncxd7 16. Rad1 Nc5 17. c3 a6 18. Bd3 Nxd3 19. Rxd3 Rfd8 20. Rfd1 b5 21.
Nh5 Nxh5 22. Qxh5 Rxd3 23. Rxd3 Rd8 24. Qd1 Rxd3 25. Qxd3 h6 26. g3 f6 27. b3
Qe5 28. Kg2 Kf7 29. Qd7+ Kg6 30. Qc6 Kf5 31. Kf3 h5 32. c4 g5 33. cxb5 g4+ 34.
Kg2 axb5 35. a4 bxa4 36. Qxa4 Qd5+ 37. Kf1 Qd1+ 38. Kg2 Qd5+ 39. Kf1 Qd1+ 40.
Kg2 Qd5+ 41. Kf1 Qd1+ 42. Kg2 Qd5+ 43. Kf1 Qd1+ 44. Kg2 1/2-1/2